Sm Caen - Tous les joueurs de 2010 à 2025 - Statistiques

Statistiques générales
  • Ce quiz a été pris 64 fois
  • Le résultat moyen est 49 sur 197
Statistiques - réponses
Saisons Nationalité Joueur Nombre
De Matchs
Poste % Correct
2013 - 2015 France N'GoloKanté 82 M
85%
2020 - 2025 Guinée - Bissau AlexandreMendy 175 A
78%
2001 - 2017 France NicolasSeube 520 M
78%
2022 - Algérie AnthonyMandréa 99 G
68%
2014 - 2018 France RémyVercoutre 149 G
68%
2021 - 2024 Tunisie AliAbdi 99 D
66%
2014 - 2018 France JulienFéret 157 M
66%
2016 - 2018 Croatie IvanSantini 75 A
63%
2020 - 2021 France AliouTraoré 21 M
59%
2020 - 2025 France BrahimTraoré 92 D
59%
2009 - 2013 CoteD'Ivoire KandiaTraoré 116 A
59%
2015 - 2018 France RonnyRodelin 119 A
59%
2024 - France YannM'Vila 19 M
59%
2011 - 20142018 - 2019 Maroc FayçalFajr 131 M
56%
2022 - 2025 France RomainThomas 104 D
56%
2012 - 2015 France ThomasLemar 37 M
56%
2020 - Martinique YannisClémentia 19 G
56%
2015 - 2016 Algérie AndyDelort 38 A
51%
2019 - 2023 France BenjaminJeannot 88 A
49%
2016 - 2019 France FrédéricGuilbert 106 D
49%
2017 - 2023 France JessyDeminguet 155 M
49%
2020 - 2022 France JohannLepenant 56 M
49%
2019 - 2022 France RémyRiou 85 G
49%
2014 - 2018 France DamienDa Silva 137 D
46%
2018 - 2022 Congo PrinceOniangué 125 M
46%
2022 - 2025 Maroc BilalBrahimi 107 A
44%
2014 - 2015 Argentine EmilianoSala 13 A
44%
2017 - 2019 France BriceSamba 49 G
41%
2021 - 2025 France NoéLebreton 74 M
41%
2017 - 2019 France EnzoCrivelli 49 A
39%
2012 - 2015 France MathieuDuhamel 98 A
39%
2022 - Maroc MohamedHafid 28 A
39%
2021 - 2023 Belgique NormanBassette 15 A
39%
2015 - 20172023 - 2024 Tunisie SyamBen Youssef 42 D
39%
2023 - France ValentinHenry 54 D
39%
2004 - 2013 France JérémySorbon 292 D
37%
2015 - 2018 France JonathanDelaplace 73 M
37%
2014 - 2017 Bénin JordanAdéoti 94 M
37%
2014 - 2017 Tunisie AlaeddineYahia 79 D
34%
2018 - 2019 Guadeloupe ClaudioBeauvue 28 A
34%
2014 - 20172018 - 2019 Bénin EmmanuelImorou 74 D
34%
2014 - 2018 Haiti HervéBazile 102 A
34%
2015 - 2019 CoteD'Ivoire IsmaelDiomandé 57 M
34%
2021 - 2022 Cap - Vert NunoDa Costa 25 A
34%
2023 - 2025 France TidiamGomis 39 A
34%
2015 - 2018 France VincentBessat 100 D/M/A
34%
2013 - 2016 France DennisAppiah 114 D
32%
2023 - France DiabéBolumbu 24 D
32%
2019 - 2023 France HugoVandermersch 117 D
32%
2017 - 2020 Slovénie JanRepas 31 M
32%
2019 - 2021 France JessyPi 56 M
32%
2021 - 20232024 - 2025 France LamineSy 23 D
32%
2024 - France LorenzoRajot 29 M
32%
2023 - 2025 France MickaelLe Bihan 64 A
32%
2008 - 2011 Maroc YoussefEl Arabi 79 A
32%
2018 - 2019 Tchad CasimirNinga 37 A
29%
2021 - 2023 France IbrahimCissé 58 D
29%
2015 - 2018 Haiti JeffLouis 25 M
29%
2013 - 2014 France JeromeRothen 10 M
29%
2018 - 2020 France MalikTchokounté 52 A
29%
2012 - 2013 Portugal RaphaelGuerreiro 41 D
29%
2016 - 2019 Haiti RomainGenevois 48 D
29%
2016 - 2017 France YannKaramoh 36 A
29%
2020 - 2024 France YoannCourt 84 A
29%
2023 - 2024 France AlexandreCoeff 23 D
27%
2007 - 2012 France BenjaminNivet 180 M
27%
2018 - 20212022 - 2025 France GodsonKyeremeh 113 A
27%
2015 - 2017 Guadeloupe JordanLeborgne 22 M
27%
2024 - 2025 Mali KalifaCoulibaly 19 A
27%
2024 - France LeoMilliner 8 M
27%
2010 - 2012 Sénégal M'BayeNiang 30 A
27%
2019 - 2021 Etats - Unis NicholasGioacchini 53 A
27%
2018 - 2019 France PaulBaysse 25 D
27%
2017 - 2022 France YoelArmougom 109 D
27%
2019 - 2022 France AnthonyGonçalves 67 M
24%
2015 - 2016 Comores ChakerAlhadhur 11 D
24%
2021 - 2024 France DjibrilDiani 50 M
24%
2015 - 2017 France Jean - VictorMakengo 31 M
24%
2015 - 2017 France PaulReulet 5 G
24%
2022 - 2024 France QuentinDaubin 71 M
24%
2010 - 2012 France RomainHamouma 69 A
24%
2018 - 20192020 - 2021 Maroc YacineBammou 40 A
24%
2024 - 2025 Gabon AlexMoucketou - Moussounda 9 D
22%
1997 - 2012 France AnthonyDeroin 411 M
22%
2019 - 2024 CoteD'Ivoire CalebZady Sery 100 A
22%
2018 - 2019 France JonathanGradit 29 D
22%
2011 - 2015 Guadeloupe LennyNangis 88 A
22%
2016 - 2018 France MatthieuDreyer 3 G
22%
2022 - 2023 Mali MoussaSylla 13 A
22%
2014 - 2015 France NicolasBenezet 12 A
22%
2018 - 2019 Tunisie Saif - EddineKhaoui 30 M
22%
2022 - 2023 RépbuliqueDémocratique Du Congo SamuelEssende 30 A
22%
2016 - 2017 France SteedMalbranque 15 M
22%
2017 - 2018 Maroc YoussefAit Bennasser 29 M
22%
2024 - 2025 CoteD'Ivoire AdrielBa Loua 6 A
20%
2019 - 2021 France AnthonyWeber 56 D
20%
2022 - 2025 Ghana EmmanuelNtim 46 D
20%
2018 - 20202021 - 2022 France EvensJoseph 25 A
20%
2013 - 2015 Brésil FelipeSaad 31 D
20%
2024 - 2025 France HéliohdinoTavares 3 D
20%
2020 - 20222024 - 2025 France IlyesNajim 17 A
20%
2019 - 2022 Martinique JonathanRiviérez 88 D
20%
2015 - 20162017 - 2018 RépubliqeDémocratique Du Congo JordanN'Kololo 32 A
20%
2024 - 2025 France JulesGaudin 11 D
20%
2020 - 2022 France LoupHervieu 7 M
20%
2013 - 20142023 - 2025 France MathiasAutret 83 M
20%
2016 - 2017 France MouhamadouDabo 3 D
20%
2016 - 2017 Sénégal PapeSané 15 A
20%
2024 - 2025 France QuentinLecoeuche 23 M
20%
2024 - 2025 France SamuelGrandsir 9 A
20%
2020 - 2022 France SullivanPéan 20 G
20%
2017 - 2019 Finlande TimoStavitski 12 A
20%
2017 - 2021 Sénégal AdamaMbengue 61 D
17%
2019 - 2021 France AlexisBeka Beka 33 M
17%
2022 - 2023 Suède AntonSalétros 15 M
17%
2022 - CoteD'Ivoire Dieudonné GauchoDebohi 61 M
17%
2019 - 2020 Sénégal DjibrilDiaw 7 D
17%
2021 - 2022 Cameroun FranklinWadja 23 M
17%
2024 - France GabinTomé 6 M
17%
2013 - 2014 CoteD'Ivoire JonathaKodjia 31 A
17%
2019 - 2021 France KelianNsona 37 A
17%
2008 - 2013 Guadeloupe LivioNabab 89 A
17%
2021 - 2022 France MehdiChahiri 13 A
17%
2015 - 2016 Burundi SaidiNtibazonkiza 14 A
17%
2014 - 2015 Guyane Fr SloanPrivat 22 A
17%
2021 - 2023 Cameroun AdolpheTeikeu 20 D
15%
2006 - 2016 France AlexandreRaineau 137 D
15%
2020 - 2022 Cameroun AloysFouda 17 D
15%
2023 - 2024 France AmineSalama 15 A
15%
2019 - 2022 Bénin AndréasHountondji 33 A
15%
2010 - 2011 France BenjaminMorel 8 A
15%
2015 - 20162017 - 2018 CoteD'Ivoire ChristianKouakou 30 A
15%
2023 - 2025 France DaylamMeddah 21 M
15%
2013 - 2015 Guinée FodéKoita 65 A
15%
2011 - 2012 Gabon FrédéricBulot 39 A
15%
2005 - 2013 France GrégoryLeca 207 D/M
15%
2022 - 2024 France Hianga'aMbock 48 M
15%
2022 - 2023 Comores IyadMohamed 3 M
15%
2012 - 2015 Haiti Jean - JacquesPierre 83 D
15%
2017 - 2019 Belgique StefPeeters 32 M
15%
2024 - 2025 Maroc YassineBenrahou 7 M
15%
2010 - 2011 France YohanMollo 38 A
15%
2012 - 2013 France AlexandreCuvillier 35 M
12%
2008 - 2012 France AlexisThébaux 121 G
12%
2018 - 2019 France AlyNdom 1 M
12%
2019 - 2021 France AzzeddineToufiqui 6 M
12%
2017 - 2020 Guinée BaissamaSankoh 59 M
12%
2008 - 2015 France DamienPerquis 87 G
12%
2017 - 20182019 - 2020 Congo DurelAvounou 21 M
12%
2018 - 2020 France ErwinZelazny 9 G
12%
2006 - 2012 France GrégoryProment 178 M
12%
2018 - 2020 Congo HermanMoussaki 22 A
12%
2020 - 2021 France JasonNgouabi 2 D
12%
2012 - 2015 France JeanCalvé 95 D
12%
2022 - 2023 Gabon JohannObiang 14 D
12%
2013 - 2014 France JonathanBeaulieu 1 M
12%
2016 - 20172019 - 2020 Guadeloupe JordanTell 10 A
12%
2013 - 2015 France JoséSaez 20 M
12%
2011 - 2014 Guinée MollaWagué 56 D
12%
2011 - 2012 France Pierre - AlainFrau 32 A
12%
2008 - 2011 Pays - Bas RajivVan La Parra 18 A
12%
2012 - 2014 France RomainPoyet 37 A
12%
2008 - 2011 Mali SambouYatabaré 62 M
12%
2019 - 2020 Sénégal SantyNgom 3 A
12%
2020 - 2022 France SteveShamal 28 A
12%
2010 - 20112012 - 2013 France ThibaultMoulin 42 M
12%
2018 - 2020 Comores YounnZahary 17 D
12%
2012 - 20132014 - 2015 Gabon YronduMusavu - King 13 D
12%
2011 - 2014 France AurélienMontaroup 65 D
10%
2010 - 2012 Serbie BrankoLazarevic 8 D
10%
2010 - 2011 France DamienMarcq 33 D
10%
2014 - 2015 France FlorianRaspentino 20 A
10%
2020 - 2021 Haiti GarissoneInnocent 3 G
10%
1996 - 20012009 - 2011 France GrégoryTafforeau 138 D
10%
2011 - 2013 Mali IbrahimaTandia 4 M
10%
2008 - 2011 Sénégal IsmailaN'Diaye 30 M
10%
2011 - 2012 France JerryVandam 39 D
10%
2012 - 2014 CoréeDu Sud Kyeong - Jung Kim 16 A
10%
2012 - 2014 Algérie LaurentAgouazi 55 M
10%
2012 - 2013 RépubliqueDémocratique Du Congo NeeskensKebano 16 A
10%
2008 - 2011 Argentine PabloBarzola 78 D
10%
2021 - 2022 France RobinLegendre 1 A
10%
2024 - 2025 France RobinVerhaeghe 4 D
10%
2009 - 2011 France RomainInez 27 D
10%
2019 - 2021 BurkinaFaso SteeveYago 43 D
10%
2010 - 2014 France ThomasBosmel 17 G
10%
2009 - 2012 France ThomasHeurtaux 104 D
10%
2011 - 2013 Cameroun YannickM'Bone 16 D
10%
2020 - 2022 Suède ZeidaneInoussa 8 M/A
10%
2017 - 2019 Ghana AlexanderDijku 68 D
7%
2018 - 2020 France BriceTutu 5 A
7%
2020 - 2021 France KevinMbala 4 A
7%
2016 - 2017 Congo ExaucéNgassaki 1 A
5%
2018 - 2019 France JadMouaddib 1 M
5%
2019 - 2020 RépubliqueDémocratique Du Congo Arnold 1 D
2%
2016 - 2017 CoteD'Ivoire ChristopherOperi 1 D
2%
2012 - 2013 France MohamedBenmansour 1 M
2%
Aucun quiz correspondant
Distribution des résultats
% des personnes avec chaque résultat
Percentile par nombre de réponses
Votre historique - résultats
Vous n’avez pas pris ce quiz